| 000 | 01846nam a2200325 4500 | ||
|---|---|---|---|
| 001 | 40 | ||
| 003 | OSt | ||
| 005 | 20250528074010.0 | ||
| 008 | 250122b |||||||g |||| 00| 1 eng d | ||
| 020 | _a8501026271 | ||
| 040 | _bpor | ||
| 041 |
_heng _apor |
||
| 082 |
_a813 _bB118po |
||
| 100 | 1 |
_aBach, Richard, _d1936- _999 |
|
| 240 | _aThe bridge across forever | ||
| 245 |
_aA ponte para o sempre / _cBach, Richard ; Tradução de A. B. Pinheiros de Lemos |
||
| 250 | _a21° dição | ||
| 260 |
_aRio de Janeiro _bRecord _c2002 |
||
| 300 | _a320 p. | ||
| 520 | _aMais de um ano na lista de best-sellers do New York Times! O clássico atemporal e edificante de Richard Bach sobre esperança e amor "Nós somos a ponte para sempre, arqueando-se sobre o mar, aventurando-nos para nosso prazer, vivendo mistérios pela diversão, escolhendo desastres, triunfos, desafios, probabilidades impossíveis, testando a nós mesmos repetidamente, aprendendo amor e amor e amor!" "O oposto da solidão, não é união. É intimidade." "Olhe no espelho e uma coisa é que o que vemos não é quem somos." "Depois de Deus, amor é a palavra mais mutilada em todas as línguas. A mais alta forma de consideração entre duas pessoas é a amizade, e quando o amor entra, a amizade morre." "Não há erros. Os eventos que trazemos sobre nós mesmos, não importa o quão desagradáveis, são necessários para aprender o que precisamos aprender; quaisquer passos que tomemos, eles são necessários para alcançar os lugares que escolhemos ir." | ||
| 650 | 0 |
_aLiteratura Americana _984 |
|
| 650 | 0 |
_aEspiritualidade _916 |
|
| 650 | 0 |
_aAmor e Paixão _925 |
|
| 650 | 0 |
_aGrandes Amizades _928 |
|
| 650 | 0 |
_aAuto Conhecimento _919 |
|
| 655 | 0 |
_aRomance _923 |
|
| 655 | 0 |
_aFicção _922 |
|
| 700 |
_aA. B. Pinheiro de Lemos _eTradutor _9109 |
||
| 942 |
_2ddc _n0 _cBK |
||
| 999 |
_c40 _d40 |
||